• 首页
  • 本馆介绍
  • 公告通知
  • 最新文献
  • 馆藏检索
  • 电子资源
  • 读者导购
  • 参考咨询
  • 我的图书馆
  • 登录
  • 详细信息显示
  • 放入我的书架
  • 预约/预借图书
  • 作者相关作品
  • 分类相关作品
  • 丛书相关作品
  • 出版社相关作品

书目信息

  • 表格格式
  • 工作单格式
  • 卡片格式
题名:
Minkowski和理论及应用
    
 
作者: 郭希娟 , 耿清甲 , 张步英 著
分册:  
出版信息: 武汉   华中科技大学出版社  2018
页数: 217页
开本: 25cm
丛书名: 智能制造与机器人理论及技术研究丛书
单 册:
中图分类: TP242.6 , O156
科图分类:
主题词: 闵可夫斯基问题--应用--智能机器人
电子资源:
ISBN: 978-7-5680-3570-5
000 01395oam2 2200301 450
001 2241382278
005 20220929112958.71
010    @a978-7-5680-3570-5@b精装@dCNY98.00
100    @a20190508d2018 em y0chiy50 ea
101 0  @achi
102    @aCN@b420000
105    @aak az 000yy
200 1  @aMinkowski和理论及应用@9Minkowski he li lun ji ying yong@f郭希娟,耿清甲,张步英著
210    @a武汉@c华中科技大学出版社@d2018
215    @a217页@c图,彩图@d25cm
225 2  @a智能制造与机器人理论及技术研究丛书
300    @a国家出版基金资助项目 “十三五”国家重点图书出版规划项目
320    @a有书目
330    @a本书包含了作者10余年来在多面体Minkowski和算法理论和应用方面的研究成果,共分10章。第1章系统阐述了多面体Minkowski和计算方法和碰撞干涉检测算法的国内外研究现状;第2章对本书中用到的相关基础理论知识进行了简要概述;第3章至第6章详细介绍了凸多面体Minkowski和的四种不同计算方法;第7章和第8章介绍了凹多面体的凸剖分理论方法,以及涉及凹多面体与凹多边形的Minkowski和算法;第9章和第10章介绍了Minkowski和在飞机大部件自动对接和机械零件自动装配方面的一些应用成果。
461  0 @12001 @a智能制造与机器人理论及技术研究丛书
606 0  @a闵可夫斯基问题@x应用@x智能机器人
690    @aTP242.6@v5
690    @aO156@v5
701  0 @a郭希娟@9guo xi juan@4著
701  0 @a耿清甲@9geng qing jia@4著
701  0 @a张步英@9zhang bu ying@4著
801  0 @aCN@b91MARC@c20190508
905    @aZUCC@dTP242.6@e10
    
    Minkowski和理论及应用/郭希娟,耿清甲,张步英著.-武汉:华中科技大学出版社,2018
    217页:图,彩图;25cm.-(智能制造与机器人理论及技术研究丛书)
    国家出版基金资助项目 “十三五”国家重点图书出版规划项目
    
    ISBN 978-7-5680-3570-5(精装):CNY98.00
    本书包含了作者10余年来在多面体Minkowski和算法理论和应用方面的研究成果,共分10章。第1章系统阐述了多面体Minkowski和计算方法和碰撞干涉检测算法的国内外研究现状;第2章对本书中用到的相关基础理论知识进行了简要概述;第3章至第6章详细介绍了凸多面体Minkowski和的四种不同计算方法;第7章和第8章介绍了凹多面体的凸剖分理论方法,以及涉及凹多面体与凹多边形的Minkowski和算法;第9章和第10章介绍了Minkowski和在飞机大部件自动对接和机械零件自动装配方面的一些应用成果。
●
相关链接 在五车中查询图书 在当当中查询图书 在豆瓣中查询图书


正题名:Minkowski和理论及应用     索取号:TP242.6/10         预约/预借

序号 登录号 条形码 馆藏地/架位号 状态 备注
1 2000906251   2000906251   第三书库/ [索取号:TP242.6/10] 在馆    
2 2000906252   2000906252   第三书库/ [索取号:TP242.6/10] 在馆    
3 2000906253   2000906253   第三书库/ [索取号:TP242.6/10] 在馆    
山东省滨州职业学院图书馆 欢迎您!
大连网信软件有限公司© 版权所有